[Event "6th Paleochora Open"]
[Site "Paleochora GRE"]
[Date "2013.07.19"]
[Round "1.27"]
[White "Manigk,S"]
[Black "Vitsaxakis,Nikolaos"]
[Result "1-0"]
[WhiteElo "2237"]
[BlackElo "1488"]

1.d4 Nf6 2.c4 e6 3.g3 c5 4.d5 Qc7 5.Nc3 a6 6.Bg2 Be7 7.a4 O-O 8.Nf3 d6 9.O-O e5
10.Ne1 Nfd7 11.e4 Nb6 12.b3 f5 13.Nd3 fxe4 14.Nxe4 Bf5 15.f4 Bxe4 16.Bxe4 N8d7
17.fxe5 dxe5 18.Bb2 Bf6 19.Qe2 Rae8 20.Rae1 Nc8 21.Bf5 e4 22.Qh5 g6 23.Bxg6 hxg6
24.Qxg6+ Kh8 25.Rf5  1-0

[Event "28th Avoine Open"]
[Site "Avoine FRA"]
[Date "2013.07.20"]
[Round "1.4"]
[White "Oei,HI"]
[Black "Dgebuadze,A"]
[Result "1/2-1/2"]
[WhiteElo "2093"]
[BlackElo "2520"]

1.d4 Nf6 2.c4 e6 3.g3 c5 4.d5 exd5 5.cxd5 Bd6 6.Bg2 a6 7.a4 Bc7 8.e4 d6 9.Ne2 O-O
10.O-O Re8 11.Nec3 Nbd7 12.Na3 Rb8 13.h3 Ba5 14.Qc2 Nb6 15.Bd2 c4 16.Ncb1 Bxd2
17.Nxd2 c3 18.bxc3 Bd7 19.a5 Ba4 20.Qb1 Nc8 21.Qb4 Bd7 22.Rfb1  1/2-1/2

[Event "36th Taminco Open"]
[Site "Ghent BEL"]
[Date "2013.07.21"]
[Round "3.4"]
[White "Rodriguez Garcia,M"]
[Black "Ikonnikov,Vy"]
[Result "0-1"]
[WhiteElo "2192"]
[BlackElo "2548"]

1.d4 Nf6 2.c4 e6 3.g3 c5 4.d5 exd5 5.cxd5 d6 6.Nf3 b5 7.e4 a6 8.a4 b4 9.a5 Nxe4
10.Bd3 Nf6 11.O-O Be7 12.Nh4 O-O 13.Nf5 Bxf5 14.Bxf5 Nbd7 15.Qb3 g6 16.Bh3 Re8
17.Nd2 Ne5 18.f4 Ned7 19.Nf3 Bf8 20.f5 Ne4 21.fxg6 hxg6 22.Bf4 Bg7 23.Rae1 f5
24.g4 g5 25.Bxg5 Nxg5 26.Rxe8+ Qxe8 27.Nxg5 Qe2 28.gxf5 Bxb2 29.f6 Nxf6 30.Be6+ Kg7
31.Nf3 Ne4 32.Qa4 Rf8 33.Qd7+ Kh8 34.Bf5 Rg8+  0-1

[Event "7th LCT 2013"]
[Site "Leiden NED"]
[Date "2013.07.21"]
[Round "9.15"]
[White "Ratsma,Midas"]
[Black "Van der Auweraert,Elwin"]
[Result "0-1"]
[WhiteElo "2036"]
[BlackElo "2154"]

1.d4 Nf6 2.c4 e6 3.g3 c5 4.d5 exd5 5.cxd5 d6 6.Nc3 g6 7.e4 Bg7 8.Bg2 O-O
9.Nge2 Re8 10.Qc2 a6 11.a4 b6 12.O-O Nbd7 13.f4 Rb8 14.Rb1 b5 15.axb5 axb5
16.b4 Qb6 17.Kh1 c4 18.Ra1 Ng4 19.h3 Nf2+ 20.Kh2 Nd3 21.Qb1 Nf6 22.Bd2 Bd7
23.Nc1 Nf2 24.Re1 N2xe4 25.Nxe4 Nxe4 26.Be3 Qd8 27.Ra6 Nc3 28.Qc2 Bf5 29.Qf2 Ra8
30.Bb6 Qc8 31.Rxa8 Qxa8 32.g4 Bd7 33.Bc7 Rxe1 34.Qxe1 Nxd5 35.Bxd6 Bc6 36.Qf2 Nc3
37.Bxc6 Qxc6 38.Be5 Bxe5 39.fxe5 Qe4 40.Qf6 Qc2+  0-1

[Event "36th Taminco Open"]
[Site "Ghent BEL"]
[Date "2013.07.22"]
[Round "5.5"]
[White "Sumets,A"]
[Black "Sarrau,J"]
[Result "1/2-1/2"]
[WhiteElo "2583"]
[BlackElo "2305"]

1.d4 Nf6 2.c4 e6 3.g3 c5 4.Nf3 b6 5.Bg2 Bb7 6.O-O cxd4 7.Qxd4 d6 8.Nc3 a6
9.Rd1 Be7 10.Bg5 Nbd7 11.Qd3 O-O 12.Rac1 Rc8 13.b3 Qc7 14.Qb1 Rfd8 15.Bf4 Nc5
16.Ne1 Bxg2 17.Nxg2 Qb7 18.f3 b5 19.b4 Ncd7 20.cxb5 axb5 21.Qd3 Rc6 22.Nxb5 Nd5
23.Rxc6 Qxc6 24.Nd4 Qa4 25.a3 Ne5 26.Qb3 Qxb3 27.Nxb3 Nc4 28.Bc1 Nc3 29.Re1  1/2-1/2

[Event "28th Avoine Open"]
[Site "Avoine FRA"]
[Date "2013.07.28"]
[Round "9.5"]
[White "Ollier,P"]
[Black "Colin,V"]
[Result "1-0"]
[WhiteElo "2309"]
[BlackElo "2402"]

1.d4 Nf6 2.c4 e6 3.g3 c5 4.d5 b5 5.dxe6 Bb7 6.exf7+ Kxf7 7.Nf3 bxc4 8.Bg2 Kg8
9.Nc3 Qb6 10.O-O h6 11.Rb1 Qe6 12.b3 Ne4 13.Bb2 cxb3 14.axb3 Nxc3 15.Bxc3 Be4
16.Nh4 Rh7 17.Ra1 g5 18.Bxe4 Qxe4 19.Ng2 Nc6 20.Ra4 Qe6 21.e4 Rb8 22.Rc4 d6
23.f4 Rhb7 24.fxg5 Rxb3 25.Qh5 Rb1 26.Ne1 Ne7 27.gxh6 Bxh6 28.Ra4 a5 29.Qh4 Rf8
30.Rxf8+ Kxf8 31.Rxa5 Rc1 32.Ra8+ Kf7 33.Qh5+ Qg6 34.Qf3+ Ke6 35.Ra1 Rxc3
36.Qxc3 Qxe4 37.Nf3 Nd5 38.Qe1 Ne3 39.Qe2 Bg7 40.Ng5+ Kd5 41.Nxe4 Bxa1 42.Nxd6 Kxd6
43.Qa6+ Kd5  1-0

[Event "9th Tabor Open 2013"]
[Site "Tabor CZE"]
[Date "2013.07.30"]
[Round "4.6"]
[White "Kozak,Mi"]
[Black "Hausner,I"]
[Result "0-1"]
[WhiteElo "2169"]
[BlackElo "2387"]

1.d4 e6 2.c4 Nf6 3.g3 c5 4.d5 exd5 5.cxd5 d6 6.Nc3 g6 7.Nf3 Bg7 8.Bg2 O-O
9.O-O Re8 10.Bf4 a6 11.a4 h6 12.Re1 Ne4 13.Nxe4 Rxe4 14.Nd2 Rb4 15.Ra2 g5
16.Be3 Nd7 17.b3 Ne5 18.Nf1 c4 19.bxc4 Nxc4 20.Bd4 Nb2 21.Bxb2 Bxb2 22.Qd2 Qb6
23.Rb1 Bc3 24.Rxb4 Qxb4 25.Qc2 Bd7 26.Be4 Rc8 27.Bf5 Bg7 28.Qd3 Rc3 29.Qe4 Rc4
30.Qd3 Bxa4 31.Qe3 Qb3 32.Rd2 Qxe3 33.Nxe3 Rc1+ 34.Kg2 Bb3  0-1

[Event "Biel MTO 2013"]
[Site "Biel SUI"]
[Date "2013.08.01"]
[Round "10.20"]
[White "Minko,V"]
[Black "Meins,G"]
[Result "1-0"]
[WhiteElo "2312"]
[BlackElo "2474"]

1.d4 Nf6 2.c4 e6 3.g3 c5 4.d5 exd5 5.cxd5 d6 6.Nc3 g6 7.Bg2 Bg7 8.Nf3 O-O
9.O-O Re8 10.Bf4 Nh5 11.Bg5 Qc7 12.h3 a6 13.a4 Nd7 14.e4 Rb8 15.a5 b5 16.axb6 Rxb6
17.Na4 Rb4 18.Ne1 Nb6 19.Nd3 Rxa4 20.Rxa4 Nxa4 21.Qxa4 Qd7 22.Qc2 Qb5 23.b3 f6
24.Be3 f5 25.Nb2 Nf6 26.Nc4 Qb8 27.exf5 Bxf5 28.Qd1 Nd7 29.g4 Be4 30.f3  1-0

[Event "Arad Open 2013"]
[Site "Arad ROU"]
[Date "2013.08.05"]
[Round "4.16"]
[White "Arngrimsson,D"]
[Black "Florescu,C"]
[Result "1-0"]
[WhiteElo "2385"]
[BlackElo "2160"]

1.d4 Nf6 2.c4 e6 3.g3 c5 4.d5 exd5 5.cxd5 d6 6.Nc3 g6 7.Bg2 Bg7 8.Nf3 O-O
9.O-O Re8 10.Bf4 Na6 11.Re1 Ne4 12.Nxe4 Rxe4 13.Nd2 Rb4 14.Rb1 Bxb2 15.Rxb2 Rxb2
16.Ne4 f6 17.Qa1 Qa5 18.Nxf6+ Kf7 19.Nxh7 Qxa2 20.Ng5+ Kg8 21.Qxa2 Rxa2 22.Bxd6 b5
23.Be7 Bb7 24.e4 c4 25.d6 Nc5 26.Bf1 a5 27.Rd1 Bc6 28.d7 Nxd7 29.Rd6 Ne5
30.Re6 Ra1 31.Rxe5 a4 32.Re6 Be8 33.Rf6 Rd1 34.Rf8+ Kg7 35.Ne6+ Kh7 36.Ng5+ Kg7
37.Ne6+ Kh7 38.Bf6 Bc6 39.Rf7+ Kg8 40.Rg7+ Kh8 41.Ng5  1-0

[Event "22nd Kavala Open 2013"]
[Site "Kavala GRE"]
[Date "2013.08.09"]
[Round "5.19"]
[White "Charkhalashvili,I"]
[Black "Megalios,K"]
[Result "1-0"]
[WhiteElo "2353"]
[BlackElo "2106"]

1.d4 Nf6 2.c4 e6 3.g3 c5 4.Bg2 cxd4 5.Qxd4 Nc6 6.Qd1 d5 7.cxd5 exd5 8.Nf3 Bc5
9.O-O O-O 10.Nc3 Re8 11.Bg5 d4 12.Na4 Bf8 13.Rc1 h6 14.Bf4 Nd5 15.Bd2 Qe7
16.Re1 Bg4 17.Nc5 Rad8 18.Qb3 Bc8 19.a3 g6 20.Nh4 Nc3 21.Bxc3 Qxc5 22.Bd2 Qd6
23.Qb5 Re5 24.Qd3 g5 25.f4 Rc5 26.Rxc5 Qxc5 27.Rc1 Qe7 28.fxg5 hxg5 29.Nf3 Ne5
30.Qe4 Nxf3+ 31.Bxf3 Qxe4 32.Bxe4 Re8 33.Bxg5 Rxe4 34.Rxc8 Rxe2 35.Bh6 d3
36.Rxf8+ Kh7 37.Bf4 d2 38.Bxd2  1-0

[Event "XI Miguel Najdorf Open A 2013"]
[Site "Warsaw POL"]
[Date "2013.08.12"]
[Round "8.12"]
[White "Flak,P"]
[Black "Dworakowska,J"]
[Result "0-1"]
[WhiteElo "2192"]
[BlackElo "2316"]

1.d4 Nf6 2.c4 e6 3.g3 c5 4.d5 exd5 5.cxd5 d6 6.Bg2 g6 7.Nf3 Bg7 8.O-O O-O
9.Nc3 Re8 10.Nd2 a6 11.a4 Nbd7 12.Nde4 Nxe4 13.Nxe4 Ne5 14.Bg5 f6 15.Bd2 Rb8
16.a5 Qe7 17.Bc3 Bd7 18.Qc1 f5 19.Nd2 Bb5 20.Re1 g5 21.Nf3 h6 22.Qc2 Qf7
23.Nxe5 Bxe5 24.e4 f4 25.Qd1 Bd7 26.Bf3 Re7 27.Bg4 Bxg4 28.Qxg4 Rf8 29.Re2 Qe8
30.Rae1 Kh7 31.Kh1 Qg6 32.h4 Qf6 33.Qf5+ Kg7 34.hxg5 hxg5 35.gxf4 Qh6+ 36.Kg2 Rxf5
37.exf5 gxf4 38.Bxe5+ Rxe5 39.Rxe5 dxe5 40.Kf3 Qh3+ 41.Ke4 Kf6 42.d6 Qxf5+  0-1

[Event "Stare Mesto Open 2013"]
[Site "Stare Mesto CZE"]
[Date "2013.08.15"]
[Round "8.6"]
[White "Michalicka,M"]
[Black "Jurcik,Mart"]
[Result "1/2-1/2"]
[WhiteElo "2252"]
[BlackElo "2347"]

1.d4 Nf6 2.c4 e6 3.g3 c5 4.d5 exd5 5.cxd5 b5 6.e4 Nxe4 7.Qe2 Qe7 8.Bg2 f5
9.d6 Qe6 10.Nc3 Bxd6 11.Nxb5 Ba6 12.Bxe4 Bxb5 13.Bxf5 Qxe2+ 14.Nxe2 Bc6 15.O-O O-O  1/2-1/2

[Event "12th Lichtenberger Sommer"]
[Site "Berlin GER"]
[Date "2013.08.18"]
[Round "2.63"]
[White "Cvetanovic,Damjan"]
[Black "Schmitt,Jens-Ole"]
[Result "1-0"]
[WhiteElo "1937"]
[BlackElo "1676"]

1.d4 Nf6 2.c4 e6 3.g3 c5 4.d5 exd5 5.cxd5 b6 6.Bg2 Bb7 7.Nc3 d6 8.e4 Nbd7
9.f4 a6 10.Nf3 Qc7 11.O-O O-O-O 12.Ng5 Nb8 13.Bh3+  1-0

[Event "12th Lichtenberger Sommer"]
[Site "Berlin GER"]
[Date "2013.08.23"]
[Round "7.8"]
[White "Giemsa,S"]
[Black "Mahn,F"]
[Result "1-0"]
[WhiteElo "2312"]
[BlackElo "2172"]

1.d4 e6 2.c4 Nf6 3.g3 c5 4.d5 exd5 5.cxd5 d6 6.Nc3 g6 7.Bg2 Bg7 8.Nf3 O-O
9.O-O Re8 10.Nd2 a6 11.a4 Nbd7 12.Ra2 Rb8 13.a5 b5 14.axb6 Nxb6 15.b3 Qc7
16.Bb2 Bb7 17.e4 Bc8 18.Qc2 Re7 19.Nd1 Bd7 20.Ne3 Bb5 21.Rc1 Qd8 22.Ndc4 Nc8
23.e5 Nd7 24.exd6 Re8 25.Bxg7 Kxg7 26.Na5 Nxd6 27.Nc6 Qf6 28.Nxb8 Rxb8 29.Qc3 Ne5
30.f4 Nd3 31.Qxf6+ Kxf6 32.Rd1 h5 33.Bf1 Nb4 34.Raa1 Re8 35.Nc4 Bxc4 36.Bxc4 Re3
37.Re1 Nxc4 38.bxc4 Rc3 39.Rac1 Rb3 40.Rcd1 Nc2 41.Re8 Nd4 42.d6 Rb2 43.Rxd4 cxd4
44.d7  1-0

[Event "XXX Collado Villalba Open 2013"]
[Site "Collado Villalba ESP"]
[Date "2013.08.23"]
[Round "1.6"]
[White "Plazuelo Pascual,Juan"]
[Black "Longa Yauca,J"]
[Result "1/2-1/2"]
[WhiteElo "1962"]
[BlackElo "2284"]

1.d4 Nf6 2.c4 e6 3.g3 c5 4.d5 exd5 5.cxd5 d6 6.Nc3 g6 7.Bg2 Bg7 8.Nf3 O-O
9.O-O Re8 10.Nd2 b6 11.Re1 Ba6 12.a4 Nbd7 13.Nb5 Ne5 14.f4 Neg4 15.e4 h5
16.h3 Nh6 17.Nc4 Bxb5 18.axb5 Re7 19.Bd2 Ne8 20.Bc3 Qc7 21.Bxg7 Kxg7 22.g4 hxg4
23.hxg4 Rd8 24.g5 Ng8 25.Bh3 f6 26.Qg4 Kf8 27.Re2 Rh7 28.Rf1 Qg7 29.Rg2 f5
30.exf5 Qd4+ 31.Kh2 Qxc4 32.fxg6 Rxh3+ 33.Qxh3 Ng7 34.Rff2 Re8 35.Qd7 Qxd5
36.Rd2 Qf5 37.Qxd6+ Ne7 38.Rde2 Qxg6 39.Qf6+ Qf7 40.Re5 Nef5 41.Rxe8+ Nxe8
42.Qh8+ Qg8 43.Qe5 Qh7+ 44.Kg1 Qh3 45.g6 Qe3+ 46.Qxe3 Nxe3 47.Rg3 Nf5 48.Ra3 Ned6
49.Rxa7 Nd4 50.Rd7 N6f5 51.Kf2 Kg8 52.b3  1/2-1/2

[Event "9th BDO Premier"]
[Site "Haarlem NED"]
[Date "2013.08.25"]
[Round "9.5"]
[White "Bok,B"]
[Black "Dourerassou,J"]
[Result "0-1"]
[WhiteElo "2527"]
[BlackElo "2488"]

1.d4 e6 2.c4 Nf6 3.g3 c5 4.d5 b5 5.dxe6 fxe6 6.Bg2 d5 7.cxd5 Bb7 8.Bg5 Be7
9.Nc3 O-O 10.Nh3 Nxd5 11.Bxe7 Qxe7 12.Nxd5 exd5 13.Bxd5+ Kh8 14.Bxb7 Qxb7
15.O-O Nc6 16.Ng5 Qe7 17.f4 h6 18.Nf3 Rad8 19.Qc1 Nd4 20.Nxd4 Rxd4 21.e3 Re4
22.Re1 Rd8 23.Re2 Rd3 24.Kf2 c4 25.Qe1 Qd7 26.Rc1 Qd5 27.Rcc2 Kh7 28.h4 Re6
29.e4 Qd4+ 30.Kg2 Rg6 31.e5 Qxf4 32.e6 Rdxg3+ 33.Kh1 Rh3+  0-1

[Event "18th Vienna Open 2013"]
[Site "Vienna AUT"]
[Date "2013.08.25"]
[Round "9.7"]
[White "Buhmann,R"]
[Black "Sanal,V"]
[Result "1-0"]
[WhiteElo "2583"]
[BlackElo "2421"]

1.d4 Nf6 2.c4 e6 3.g3 c5 4.Nf3 cxd4 5.Nxd4 a6 6.Bg2 Qc7 7.O-O Nc6 8.Nc3 Rb8
9.Be3 Be7 10.Rc1 O-O 11.c5 Rd8 12.Qa4 Nxd4 13.Qxd4 e5 14.Qd2 d5 15.cxd6 Qxd6
16.Qxd6 Rxd6 17.Ba7 Ra8 18.Bc5 Re6 19.Na4 Bxc5 20.Nxc5 Re7 21.Rfd1 Rb8 22.Rd8+ Re8
23.Rxe8+ Nxe8 24.Rd1 Kf8 25.Nd7+ Bxd7 26.Rxd7 Nf6 27.Rxb7 Rc8 28.f3 Rc2 29.Kf2 a5
30.a3 e4 31.h3 Rc4 32.Rb5 a4 33.fxe4 Ke7 34.e5 Nd7 35.Ke3 Nc5 36.Bd5 Rc2
37.Rb4 Nd7 38.Rb7  1-0

[Event "Dieppe Open 2013"]
[Site "Dieppe FRA"]
[Date "2013.08.27"]
[Round "4"]
[White "N'guyen,Emilien"]
[Black "Leharanger,Guillaume"]
[Result "0-1"]
[WhiteElo "2186"]
[BlackElo "1956"]

1.d4 Nf6 2.c4 e6 3.g3 c5 4.Nf3 b6 5.d5 Ba6 6.b3 Nxd5 7.cxd5 Qf6 8.dxe6 fxe6
9.Qc2 Qxa1 10.Bg2 Nc6 11.O-O Qf6 12.Bg5 Qg6 13.Qd2 Be7 14.Ne5 Nxe5 15.Bxa8 Bxg5
16.f4 O-O 17.Bg2 Bh6 18.Qd6 Bxe2 19.Re1 Nf3+ 20.Bxf3 Bxf3 21.Qxd7 Bxf4 22.Nd2 Bd5
23.Nf1 Qc2  0-1

[Event "ch-ESP Rapid 2013"]
[Site "Linares ESP"]
[Date "2013.08.27"]
[Round "7.1"]
[White "Miton,K"]
[Black "Plaskett,J"]
[Result "1/2-1/2"]
[WhiteElo "2609"]
[BlackElo "2490"]

1.d4 Nf6 2.c4 e6 3.g3 c5 4.Nf3 cxd4 5.Nxd4 d5 6.Bg2 Be7 7.O-O O-O 8.Nc3 dxc4
9.Ndb5 Nc6 10.Be3 a6 11.Nd4 Nb4 12.Qc1 Qc7 13.Nc2 Nbd5 14.Bd4 Rd8 15.Ne3 Nb4
16.Bxf6 gxf6 17.a3 Nc6 18.Rd1 Rxd1+ 19.Qxd1 b5 20.Ncd5 exd5 21.Nxd5 Qd6 22.Nxe7+ Qxe7
23.Bxc6 Bb7 24.Bxb7 Qxb7 25.Qd4 Qe7 26.Qg4+ Kh8 27.Rd1 Re8 28.Qf5 Kg7 29.Qg4+ Kf8
30.e3 Qe5 31.Rd4 Re6 32.Qd1 h6 33.Qd2 Kg7 34.Rg4+ Kf8 35.Rd4 Kg7 36.Rg4+ Kf8
37.Rd4 Kg7 38.Rg4+ Kf8 39.Rd4  1/2-1/2

[Event "21st Honor to National Resistance"]
[Site "Nikaia GRE"]
[Date "2013.09.01"]
[Round "8.19"]
[White "Koerant,F"]
[Black "Tsomis,D"]
[Result "1-0"]
[WhiteElo "1900"]
[BlackElo "2073"]

1.d4 Nf6 2.c4 e6 3.g3 c5 4.d5 exd5 5.cxd5 d6 6.Bg2 g6 7.Nc3 Bg7 8.Nf3 O-O
9.Nd2 a6 10.a4 Nbd7 11.Nc4 Nb6 12.Ne3 Re8 13.a5 Nbd7 14.Nc4 Ne5 15.Nb6 Rb8
16.O-O Ned7 17.Nxc8 Rxc8 18.Bh3 Rc7 19.Bxd7 Rxd7 20.Bg5 h6 21.Bf4 Rde7 22.Qb3 g5
23.Bd2 Qd7 24.Kg2 Ne4 25.Nxe4 Rxe4 26.e3 c4 27.Qa4 Qxa4 28.Rxa4 Bxb2 29.Rb4 c3
30.Rxb7 R4e5 31.Bc1 Rxd5 32.Bxb2 cxb2 33.Rxb2 Rxa5 34.Rd1 d5 35.Rb4 Re6 36.Rb8+ Kg7
37.Rd8 Re5 38.g4 Ra4 39.h3 Ra5 40.Rd7 Ra2 41.R1xd5 Rxd5 42.Rxd5 a5 43.Rd6 a4
44.Ra6 a3 45.Kf3 Ra1 46.Kg2 a2 47.Kh2 Kf8 48.Ra7 Ke8 49.Kg2 Kd8 50.Kf3 Kc8
51.Ke4 Kb8 52.Ra3 Rh1 53.Rxa2 Rxh3 54.Rc2 Kb7 55.Rc5 Rh4 56.f3 h5 57.Rxg5 hxg4
58.Rxg4 Rh7 59.Ke5 Kc7 60.Kf6 Kd6 61.Rd4+ Kc7 62.f4 Kc6 63.f5 Kc7 64.e4 Kc6
65.Rd8 Kc5 66.Rf8 Kd6 67.e5+ Kd5 68.Rxf7 Rh6+ 69.Kg5 Rh1 70.e6 Ke5 71.e7  1-0

[Event "Chepukaitis Mem Blitz Prelim 2013"]
[Site "St Petersburg RUS"]
[Date "2013.09.07"]
[Round "2.7"]
[White "Radkov,Bazhen D."]
[Black "Moiseenko,Va"]
[Result "0-1"]
[WhiteElo "2027"]
[BlackElo "2465"]

1.d4 Nf6 2.c4 e6 3.g3 c5 4.d5 b5 5.dxe6 fxe6 6.Bg2 d5 7.cxd5 exd5 8.Bg5 Be6
9.Bxf6 Qxf6 10.Bxd5 Bxd5 11.Qxd5 Nc6 12.Nf3 Rd8 13.Qe4+ Be7 14.Nc3 O-O 15.O-O Rfe8
16.Nxb5 Bf8 17.Qc4+ Kh8 18.Rad1 Qxb2 19.Nc7 Rxd1 20.Rxd1 Qxe2 21.Qxe2 Rxe2
22.a4 c4 23.Nd5 Bc5 24.Rf1 h6 25.Kg2 Ra2 26.Nc3 Ra3 27.Ne4 Bb6 28.Nd6 Rxa4
29.Rc1 Ra2 30.Nxc4 Rxf2+ 31.Kh3 Rxf3 32.Nxb6 axb6 33.Rxc6 Rf6 34.Rc8+ Kh7
35.Rb8 Rc6 36.Kg4 Kg6 37.h4 Kf7 38.Rb7+ Kf6 39.Kh3 Re6 40.Rb8 h5 41.Rb7 g6
42.Kg2 Ke5 43.Kf3 Kd5 44.Rd7+ Kc6 45.Rd8 b5 46.Rb8 Kc5 47.Kf4 b4 48.Rc8+ Kd4
49.Rd8+ Kc3 50.Rc8+ Kb2 51.Kg5 b3 52.Rb8 Kc2 53.Rc8+ Kb1 54.g4 hxg4 55.Kxg4 Rb6
56.h5 gxh5+ 57.Kxh5 b2  0-1

[Event "Chepukaitis Mem Blitz Prelim 2013"]
[Site "St Petersburg RUS"]
[Date "2013.09.07"]
[Round "4.1"]
[White "Zubritskiy,A"]
[Black "Levin,Ev"]
[Result "0-1"]
[WhiteElo "2331"]
[BlackElo "2505"]

1.d4 Nf6 2.c4 e6 3.g3 c5 4.d5 exd5 5.cxd5 d6 6.Bg2 g6 7.Nc3 Bg7 8.Nf3 O-O
9.O-O a6 10.a4 Re8 11.Nd2 Nbd7 12.Qc2 Rb8 13.a5 b5 14.axb6 Nxb6 15.Rd1 Ng4
16.h3 Ne5 17.Nde4 f6 18.Ra2 Nf7 19.b3 f5 20.Nd2 Nd7 21.Nc4 Qc7 22.Na5 Nde5
23.f4 Nd7 24.Nc6 Rb6 25.e4 fxe4 26.Nxe4 Nf6 27.Nd2 Nxd5 28.Nc4 Nc3 29.Nxb6 Qxb6
30.Bd2 c4+ 31.Kh2 cxb3  0-1

[Event "TCh-SUI 2013"]
[Site "Switzerland SUI"]
[Date "2013.09.08"]
[Round "7.7"]
[White "Regez,M"]
[Black "Egle,S"]
[Result "0-1"]
[WhiteElo "2180"]
[BlackElo "2195"]

1.d4 Nf6 2.c4 e6 3.g3 c5 4.d5 exd5 5.cxd5 Bd6 6.Nf3 O-O 7.Bg2 Bc7 8.d6 Ba5+
9.Nc3 Ne4 10.Qd3 Re8 11.O-O Bxc3 12.bxc3 Qf6 13.Bf4 Nc6 14.Rac1 b5 15.Nd4 c4
16.Qc2 Nxd4 17.cxd4 Bb7 18.Be5 Qg6 19.f4 f5 20.Rb1 a6 21.a4 Bc6 22.d5 Bxd5
23.axb5 axb5 24.Rxb5 Qe6 25.g4 g6 26.Rd1 Bc6 27.Rb4 c3 28.e3 Ra2 29.Qc1 Rxg2+
30.Kxg2 Qa2+ 31.Rb2 cxb2 32.Bxb2 Nc3+  0-1

[Event "XXI Vallfogona Rapid Open"]
[Site "Vallfogona de Balaguer ESP"]
[Date "2013.09.22"]
[Round "11.7"]
[White "Amigo Vilalta,J"]
[Black "Rojas Keim,L"]
[Result "0-1"]
[WhiteElo "2231"]
[BlackElo "2408"]

1.d4 Nf6 2.c4 e6 3.g3 c5 4.d5 exd5 5.cxd5 d6 6.Nc3 g6 7.Bg2 Bg7 8.Nf3 O-O
9.O-O Na6 10.Nd2 Nc7 11.a4 b6 12.e4 Rb8 13.f4 a6 14.Nf3 b5 15.axb5 Nxb5 16.e5 Nd7
17.e6 Nxc3 18.bxc3 fxe6 19.dxe6 Nb6 20.Re1 Re8 21.f5 Bxc3 22.Bg5 Qc7 23.Qb3 Bxa1
24.Rxa1 gxf5 25.e7+ c4 26.Qd1 Rxe7 27.Nd4 Rf7 28.Nc6 Bb7 29.Nxb8 Qxb8 30.Rb1 Bxg2
31.Kxg2 Qa8+ 32.Kh3 Qc6 33.Qd4 Nd7 34.Qa7 Qe4 35.Rb8+  0-1

[Event "TCh-NOR Club 2013"]
[Site "Fagernes NOR"]
[Date "2013.09.28"]
[Round "4.9"]
[White "Kvisvik,B"]
[Black "Mikalsen,E"]
[Result "1-0"]
[WhiteElo "2270"]
[BlackElo "2145"]

1.d4 Nf6 2.c4 e6 3.g3 c5 4.d5 exd5 5.cxd5 d6 6.Nc3 g6 7.Nf3 Bg7 8.Bg2 O-O
9.O-O Re8 10.Nd2 Nbd7 11.Nc4 Ne5 12.Nxe5 Rxe5 13.Bf4 Re8 14.Nb5 Ne4 15.Qc2 a6
16.Nc3 Nxc3 17.bxc3 b5 18.Rab1 Qe7 19.e4 Bd7 20.Rfe1 Qf6 21.Bd2 g5 22.f4 gxf4
23.gxf4 Qh4 24.Re3 Kh8 25.Rf1 Bh6 26.Be1 Qh5 27.Bg3 Bh3 28.Bxh3 Qxh3 29.Re2 Rg8
30.Rg2 Rg4 31.Rf3 Bg7 32.e5 h5 33.Qf5 h4 34.Qxf7 hxg3 35.hxg3 Bh6 36.Qf6+ Kh7
37.Qxd6 Rag8 38.Qd7+ Kh8 39.Qf5 Rf8 40.Qc2 Rfg8 41.Qf5 b4 42.cxb4 cxb4 43.d6 Rf8
44.Qxf8+ Bxf8 45.Rh2 Qxh2+ 46.Kxh2 Kg8 47.Rd3  1-0

[Event "12th Forchheim Open A 2013"]
[Site "Forchheim GER"]
[Date "2013.09.28"]
[Round "2.15"]
[White "Wild,A"]
[Black "Zeltner,O"]
[Result "1-0"]
[WhiteElo "2142"]
[BlackElo "2030"]

1.d4 Nf6 2.c4 e6 3.g3 c5 4.d5 exd5 5.cxd5 d6 6.Nc3 g6 7.Bg2 Bg7 8.Nf3 O-O
9.O-O Bg4 10.Nd2 Qd7 11.a4 Bh3 12.Nc4 Bxg2 13.Kxg2 Rd8 14.f3 Na6 15.e4 Nc7
16.Bf4 Nfe8 17.Qd2 b5 18.Na5 b4 19.Nd1 f6 20.Nc6 Rdc8 21.Rc1 Ne6 22.b3 Nxf4+
23.Qxf4 Nc7 24.Ne3 Rf8 25.Nc4 Ne8 26.Qh4 Rf7 27.Rcd1 Bf8 28.f4 Bg7 29.Rf3 Nc7
30.f5 g5 31.Qg4 h6 32.Rfd3 Rff8 33.Qe2 Rf7 34.g4 Rff8 35.Rh3 Rfe8 36.Qf3 Rf8
37.Rh5 Rf7 38.h4 Rff8 39.Rh1 Rf7 40.hxg5 fxg5 41.Rxh6 Bxh6 42.Rxh6 Rg7 43.Rg6 Kf7
44.Nxd6+  1-0

[Event "Grand Open Blagoevgrad 2013"]
[Site "Blagoevgrad BUL"]
[Date "2013.09.29"]
[Round "2.8"]
[White "Gavrilidis,G"]
[Black "Drazic,S"]
[Result "0-1"]
[WhiteElo "2126"]
[BlackElo "2461"]

1.d4 e6 2.c4 Nf6 3.g3 c5 4.d5 exd5 5.cxd5 Bd6 6.Bg2 O-O 7.Nf3 Bc7 8.O-O d6
9.h3 b5 10.Nh4 Re8 11.a4 b4 12.Re1 Nbd7 13.b3 Ne4 14.Bb2 Ndf6 15.Nd2 Nc3
16.Qc2 Nxe2+ 17.Rxe2 Rxe2 18.Bf3 Qe7 19.Bxe2 Qxe2 20.Ng2 Qh5  0-1

[Event "23rd EYCC Open U16 2013"]
[Site "Budva MNE"]
[Date "2013.10.02"]
[Round "4.10"]
[White "Zeynalli,Miradil"]
[Black "Petrosyan,M"]
[Result "1-0"]
[WhiteElo "2131"]
[BlackElo "2312"]

1.d4 Nf6 2.c4 e6 3.g3 c5 4.d5 exd5 5.cxd5 b5 6.Bg2 d6 7.Nf3 g6 8.b4 Bg7 9.Bb2 cxb4
10.O-O O-O 11.a3 bxa3 12.Nxa3 Bb7 13.Nxb5 a6 14.Nc3 Nbd7 15.Nd4 Ne5 16.Ra4 Qd7
17.Qb3 Rac8 18.Rb4 Rc7 19.Na4 Qe7 20.Nb6 a5 21.Ra4 Ba6 22.Nc6 Nxc6 23.dxc6 Rb8
24.Rxa5 Qxe2 25.Bd4 Qg4 26.Rxa6 Qxd4 27.Ra8 Rf8 28.Rxf8+ Bxf8 29.Na8 Re7
30.c7 Qc5 31.Qb7 Re8 32.Nb6 d5 33.c8=Q Rxc8 34.Nxc8 d4 35.Qb6 Qe5 36.Qb3 Qf5
37.Nb6 d3 38.Nd5 Ng4 39.Ne3 Qe6 40.Qxe6  1-0

[Event "Grand Open Blagoevgrad 2013"]
[Site "Blagoevgrad BUL"]
[Date "2013.10.03"]
[Round "8.4"]
[White "Albertini,L"]
[Black "Drenchev,P"]
[Result "0-1"]
[WhiteElo "2121"]
[BlackElo "2488"]

1.d4 Nf6 2.c4 e6 3.g3 c5 4.Nf3 cxd4 5.Nxd4 a6 6.Bg2 Qc7 7.b3 Bb4+ 8.Bd2 Bc5
9.Nc2 O-O 10.O-O d6 11.Nc3 Nbd7 12.Bf4 Nh5 13.Bc1 Nhf6 14.Bf4 e5 15.Bc1 Rb8
16.Qd2 Nb6 17.a4 Be6 18.Ne3 Bb4 19.a5 Nbd7 20.Ncd5 Bxd5 21.Qxb4 Bxg2 22.Kxg2 b6
23.Rd1 Nc5 24.Nd5 Nxd5 25.Rxd5 bxa5 26.Qxa5 Qxa5 27.Rxa5 Nxb3 28.Be3 Nxa5
29.Rxa5 Ra8 30.Bd2 Rfc8 31.Rd5 Rxc4 32.Rxd6 Rd4 33.Rxd4 exd4 34.Kf3 a5 35.Ke4 a4
36.Kxd4 a3 37.Bc3 a2 38.Ba1 Rc8  0-1

[Event "23rd EYCC Open U16 2013"]
[Site "Budva MNE"]
[Date "2013.10.03"]
[Round "5.9"]
[White "Kobo,Ori"]
[Black "Sanal,V"]
[Result "1-0"]
[WhiteElo "2274"]
[BlackElo "2419"]

1.d4 Nf6 2.c4 e6 3.g3 c5 4.d5 exd5 5.cxd5 d6 6.Nc3 g6 7.Bg2 Bg7 8.Nf3 O-O
9.O-O Re8 10.Bf4 Ne4 11.Nxe4 Rxe4 12.Nd2 Rxf4 13.gxf4 Bxb2 14.Rb1 Bg7 15.e4 Qh4
16.e5 Qxf4 17.e6 Na6 18.Re1 Nc7 19.Re4 Qg5 20.Re3 Qe7 21.exf7+ Qxf7 22.Qe2 Bf8
23.Ne4 b6 24.Re1 Ba6 25.Qg4 Qf5 26.Qg3 Rd8 27.Qh4 g5 28.Nxg5 Rd7 29.Bh3 Qxg5+
30.Qxg5+ Rg7 31.Qxg7+ Bxg7 32.Re7  1-0

[Event "3rd Holuj-Radzikowska Mem"]
[Site "Wroclaw POL"]
[Date "2013.10.03"]
[Round "6.2"]
[White "Batsiashvili,N"]
[Black "Mkrtchian,L"]
[Result "1-0"]
[WhiteElo "2419"]
[BlackElo "2469"]

1.d4 Nf6 2.c4 e6 3.g3 c5 4.d5 exd5 5.cxd5 d6 6.Nc3 g6 7.Bg2 Bg7 8.Nf3 O-O
9.O-O Re8 10.Bf4 a6 11.a4 Nh5 12.Bg5 Qc7 13.Qd2 Nd7 14.Rac1 b6 15.b4 Bb7
16.Bh6 Bh8 17.g4 Nhf6 18.h3 Ne4 19.Nxe4 Rxe4 20.e3 Nf6 21.Ng5 Re7 22.a5 Nd7
23.Ne4 c4 24.Bf4 Be5 25.axb6 Nxb6 26.Bxe5 Rxe5 27.f4 Rxe4 28.Bxe4 Rc8 29.Qd4 Nd7
30.Bg2 a5 31.bxa5 Qxa5 32.e4 Nc5 33.Rxc4 Ba6 34.Ra1 Qxa1+ 35.Qxa1 Bxc4 36.e5 Nd7
37.Qa7 Nf8 38.Qb7 Rc5 39.Kh2 h6 40.exd6 Bb5 41.Qb6 Nd7 42.Qd8+ Nf8 43.f5 Rc2
44.fxg6 fxg6 45.Qf6 Bd7 46.Kg3 Rc4 47.Bf3 Ra4 48.h4 Ra7 49.h5 Be8 50.Be4 gxh5
51.Bf5 Rf7 52.Qxh6 hxg4 53.Be6 Nd7 54.Bxf7+ Kxf7 55.Qe6+  1-0

[Event "39th National ch-BAN"]
[Site "Dhaka BAN"]
[Date "2013.10.05"]
[Round "13.3"]
[White "Hasan,Me"]
[Black "Md.,Jamal Uddin"]
[Result "1/2-1/2"]
[WhiteElo "2240"]
[BlackElo "2079"]

1.d4 Nf6 2.c4 e6 3.g3 c5 4.d5 exd5 5.cxd5 b5 6.Bg2 d6 7.a4 b4 8.Nd2 Nbd7
9.Nc4 Nb6 10.b3 Nfd7 11.Ne3 Ne5 12.Bb2 f6 13.Qc2 a5 14.h4 Qe7 15.Nh3 Bd7
16.Nf4 g6 17.h5 g5 18.Ne6 Bxe6 19.dxe6 Rc8 20.f4 gxf4 21.gxf4 Nc6 22.Qf5 Qg7
23.Qxf6 Nd4 24.Bxd4 Qg3+ 25.Kf1 cxd4 26.Qf7+ Kd8 27.e7+ Bxe7 28.Qxe7+ Kxe7
29.Nf5+ Kd7 30.Nxg3 Rc3 31.Nf5 Rf8 32.Nxd4 Rxf4+ 33.Nf3 Rxb3 34.Kf2 Rc3 35.Bh3+ Kc7
36.Rhc1 Nxa4 37.e3 Rfc4 38.Rxc3 bxc3 39.Nd4 Kb6 40.h6 Nb2 41.Bf5 Rc7 42.Rg1 a4
43.Rg7 Rc5 44.Be4 Re5 45.Kf3 Nc4 46.Kf4 Rh5 47.Nf5 a3 48.Rb7+ Kc5 49.Rxh7 d5
50.Bc2 Rh2 51.Nd4 a2 52.Ra7 Rxh6 53.Rxa2 Rh2 54.Ne6+ Kb6 55.Nd4 Rf2+ 56.Kg3 Rf6
57.Nf5 Kc5 58.Ra8 Kb4 59.Rb8+ Nb6 60.Kf4 Kc5 61.Bd3 Re6 62.Nd4 Rf6+ 63.Bf5 Rh6
64.Rb7 Rh4+ 65.Kg3 Rh6 66.Ne6+ Kb5 67.Bd3+ Kc6 68.Nd8+ Kc5 69.Rc7+ Kb4 70.Nc6+ Ka3
71.Ra7+ Kb3 72.Nd4+ Kb2 73.Ra5 Nc4 74.Rb5+ Kc1 75.Bxc4 dxc4 76.Rc5 Kd2 77.Rxc4 Rf6
78.Nf3+ Kd3 79.Rc8 Ke2 80.Ne5 Kd2 81.Rd8+ Ke2 82.Rc8 Kd2 83.e4 c2 84.Nf3+ Kd1
85.Rd8+ Ke2 86.Nd4+ Kd3 87.e5 Rg6+ 88.Kf3 Rg8 89.Rd6 Rf8+ 90.Kg4 Ke4 91.Ne2 Rg8+  1/2-1/2